Probleme de matematica pentru admiterea in invatamintul superior
Saved in:
| Main Author: | |
|---|---|
| Corporate Author: | |
| Format: | Book |
| Language: | Romanian |
| Published: |
Bucuresti :
Editura Didactica si Pedagogica,
1976
|
| Subjects: | |
| Tags: |
Add Tag
No Tags, Be the first to tag this record!
|
MARC
| LEADER | 00000cam a2200000 a 4500 | ||
|---|---|---|---|
| 001 | 1/108096 | ||
| 008 | 150824s1976####rm | ||| |||| ||rum|| | ||
| 040 | |a GR-MyUa |b gre |c GR-MyUa |e AACR2 | ||
| 041 | 0 | |a rum | |
| 082 | 7 | |a 510.76 |2 (23) | |
| 100 | 1 | |a Iliescu, Ilie N. | |
| 245 | 1 | 0 | |a Probleme de matematica pentru admiterea in invatamintul superior / |c Ilie Iliescu, Bucur Ionescu, Dan Radu. |
| 260 | |a Bucuresti : |b Editura Didactica si Pedagogica, |c 1976 | ||
| 300 | |a 398 σ. : |b σχέδια ; |c 25 εκ. | ||
| 650 | 0 | |a Mathematics |x Problems, exercises, etc. | |
| 710 | 2 | |a Ministerul Educatiei si Invatamintului. | |
| 852 | |a INST |b SAMOS |c MAG |e 20150824 |h 510.76 ILI |p 005300034797 |q 005300034797 |t BK |y 0 | ||
| 852 | |a INST |b SAMOS |c MAG |e 20150826 |h 510.76 ILI |p 005300034925 |q 005300034925 |t BK |y 0 | ||
| 852 | |a INST |b SAMOS |c MAG |e 20150824 |h 510.76 ILI |p 005300035865 |q 005300035865 |t BK |y 0 | ||
| 970 | |a Σιτζίμη |b Γιασεμή |z 24/08/2015 | ||